000 00525nam a2200181 a 4500
001 000032494
005 20240305141119.0
008 110718s1989 dr 000 0 spa d
040 _aDO-SdBNP
_bspa
_cBNPHU
082 _axxxx
_bB333o
100 1 _aBatista, León Félix,
_d1964-
_912031
245 1 3 _aEl oscuro semejante :
_b(poemas, 1987) /
_cLeon Feix Batista.
260 _aSanto Domingo :
_b[s.n.],
_c1989.
300 _a70 p. ;
_c21 cm.
490 1 _aEgro de Poesía
830 0 _aEgro de Poesía
_958436
049 _aBNPD
999 _c31985
_d31985